A. P.ʼnin içyüzü. (Record no. 50369)

MARC details
000 -LEADER
fixed length control field 00529cam a22002051 4500
001 - CONTROL NUMBER
control field ne 68001778
003 - CONTROL NUMBER IDENTIFIER
control field DLC
005 - DATE AND TIME OF LATEST TRANSACTION
control field 20260227111841.0
008 - FIXED-LENGTH DATA ELEMENTS--GENERAL INFORMATION
fixed length control field 940319s1965 tu 000 0 tur
010 ## - LIBRARY OF CONGRESS CONTROL NUMBER
LC control number ne 68001778
035 ## - SYSTEM CONTROL NUMBER
System control number (OCoLC)29989941
040 ## - CATALOGING SOURCE
Original cataloging agency DLC
Transcribing agency CU
Modifying agency DLC
042 ## - AUTHENTICATION CODE
Authentication code premarc
050 00 - LIBRARY OF CONGRESS CALL NUMBER
Classification number JN9798.A1
Item number S2
100 1# - MAIN ENTRY--PERSONAL NAME
Personal name Şahoğlu, Fikret.
245 10 - TITLE STATEMENT
Title A. P.ʼnin içyüzü.
260 ## - PUBLICATION, DISTRIBUTION, ETC.
Place of publication, distribution, etc. [İstanbul,
Name of publisher, distributor, etc. İsteme adresi: Toplum Yayınları,
Date of publication, distribution, etc. 1965]
300 ## - PHYSICAL DESCRIPTION
Extent 88 p.
Dimensions 21 cm.
610 20 - SUBJECT ADDED ENTRY--CORPORATE NAME
Corporate name or jurisdiction name as entry element Adalet Partisi.

No items available.

Powered by Koha